000258048 001__ 258048
000258048 005__ 20230121174054.0
000258048 0247_ $$aG:(GEPRIS)406034639$$d406034639
000258048 035__ $$aG:(GEPRIS)406034639
000258048 040__ $$aGEPRIS$$chttp://gepris.its.kfa-juelich.de
000258048 150__ $$aZentrales Verwaltungsprojekt (Z)$$y2018 -
000258048 371__ $$aProfessor Dr. Volker Hohmann
000258048 450__ $$aSFB 1330 Z$$wd$$y2018 -
000258048 5101_ $$0I:(DE-588b)2007744-0$$aDeutsche Forschungsgemeinschaft$$bDFG
000258048 550__ $$0G:(GEPRIS)352015383$$aSFB 1330: Hörakustik: Perzeptive Prinzipien, Algorithmen und Anwendungen$$wt
000258048 680__ $$a
000258048 909CO $$ooai:juser.fz-juelich.de:924651$$pauthority$$pauthority:GRANT
000258048 909CO $$ooai:juser.fz-juelich.de:924651
000258048 980__ $$aG
000258048 980__ $$aAUTHORITY